| Tag |
First Indicator |
Second Indicator |
Subfields |
| LEADER |
00000cam a2200000 i 4500 |
| 001 |
in00000302413 |
| 005 |
20151010150111.0 |
| 008 |
760525s1976 xx 00010 eng d |
| 035 |
|
|
|a (OCoLC)02192196
|
| 035 |
|
|
|9 ABH8200AM
|
| 040 |
|
|
|a BBH
|c BBH
|d m.c.
|d TXA
|d UtOrBLW
|
| 043 |
|
|
|a f-et---
|
| 049 |
|
|
|a TXAM
|c [1656552]
|
| 090 |
|
|
|a DT381
|b P6
|
| 100 |
1 |
|
|a Potholm, Christian P.,
|d 1940-
|
| 245 |
1 |
0 |
|a Liberation and exploitation :
|b the struggle for Ethiopia /
|c Christian P. Potholm.
|
| 264 |
|
1 |
|a [Place of publication not identified] :
|b RF Publishing,
|c [1976]
|
| 264 |
|
4 |
|c ©1976
|
| 300 |
|
|
|a ix, 152 pages :
|b map ;
|c 23 cm.
|
| 336 |
|
|
|a text
|b txt
|2 rdacontent
|
| 337 |
|
|
|a unmediated
|b n
|2 rdamedia
|
| 338 |
|
|
|a volume
|b nc
|2 rdacarrier
|
| 504 |
|
|
|a Bibliography: pages 148-152.
|
| 651 |
|
0 |
|a Ethiopia
|x History.
|
| 999 |
|
|
|a MARS
|
| 999 |
f |
f |
|s 9ed7ab75-8e57-3cfa-a4ed-9eabc30a886b
|i 1a0ababf-db3d-3936-a791-26b9ea7fb2dc
|t 0
|
| 952 |
f |
f |
|p ric
|a Texas A&M University
|b Rellis Campus
|c Joint Library Facility
|d Remote Storage
|t 0
|e DT381 P6
|h Library of Congress classification
|i unmediated -- volume
|m A14806361493
|
| 998 |
f |
f |
|a DT381 P6
|t 0
|l Remote Storage
|